MARC

Tag First Indicator Second Indicator Subfields
LEADER 00000cam a2200000 a 4500
001 in00002772621
005 20151202171312.0
008 100603s2011 nyua j b 001 0beng
010 |a  2010023171 
016 7 |a 015710458  |2 Uk 
020 |a 9780810997356 (hbk. : alk paper) 
020 |a 0810997355 (hbk. : alk paper) 
029 1 |a AU@  |b 000045671960 
029 1 |a NZ1  |b 13801888 
035 |a (OCoLC)ocn639521181 
035 |a (OCoLC)639521181 
040 |a DLC  |b eng  |c DLC  |d IG#  |d MLY  |d XYZ  |d IUK  |d YDXCP  |d IHV  |d UBY  |d EHH  |d UKMGB  |d BDX  |d BTCTA  |d UtOrBLW 
042 |a lcac 
043 |a n-us--- 
049 |a TXAM 
050 0 0 |a E608.E235  |b M67 2011 
082 0 0 |a 973.7092  |a B  |2 22 
100 1 |a Moss, Marissa. 
245 1 0 |a Nurse, soldier, spy :  |b the story of Sarah Edmonds, a Civil War hero /  |c [text by] Marissa Moss ; [illustrated by} John Hendrix. 
264 1 |a New York :  |b Abrams Books for Young Readers,  |c 2011. 
300 |a 47 pages :  |b illustrations (chiefly color) ;  |c 29 cm. 
336 |a text  |b txt  |2 rdacontent 
337 |a unmediated  |b n  |2 rdamedia 
338 |a volume  |b nc  |2 rdacarrier 
500 |a "The illustrations in this book were made with pen and ink with fluid acrylic washes on Strathmore Velum Bristol."--page [48]. 
520 |a A story of a nineteen-year-old woman who disguised herself as a man to avoid an unwanted marriage and who distinguished herself as a male nurse during the Civil War, and later as a spy for the Union Army. 
504 |a Includes bibliographical references (page 47) and index. 
600 1 0 |a Edmonds, S. Emma E.  |q (Sarah Emma Evelyn),  |d 1841-1898  |v Juvenile literature. 
651 0 |a United States  |x History  |y Civil War, 1861-1865  |x Participation, Female  |v Juvenile literature. 
651 0 |a United States  |x History  |y Civil War, 1861-1865  |x Women  |v Juvenile literature. 
651 0 |a United States  |x History  |y Civil War, 1861-1865  |x Secret service  |v Juvenile literature. 
650 0 |a Nurses  |z United States  |v Biography  |v Juvenile literature. 
650 0 |a Women soldiers  |z United States  |v Biography  |v Juvenile literature. 
650 0 |a Soldiers  |z United States  |v Biography  |v Juvenile literature. 
650 0 |a Women spies  |z United States  |v Biography  |v Juvenile literature. 
650 0 |a Spies  |z United States  |v Biography  |v Juvenile literature. 
600 1 1 |a Edmonds, S. Emma E.  |q (Sarah Emma Evelyn),  |d 1841-1898. 
651 1 |a United States  |x History  |y Civil War, 1861-1865. 
600 1 7 |a Edmonds, S. Emma E.  |q (Sarah Emma Evelyn),  |d 1841-1898.  |2 sears 
651 7 |a United States  |x History  |y 1861-1865, Civil War  |v Biography.  |2 sears 
650 7 |a Nurses  |z United States  |v Biography.  |2 sears 
650 7 |a Women soldiers  |z United States  |v Biography.  |2 sears 
650 7 |a Soldiers  |z United States  |v Biography.  |2 sears 
650 7 |a Women spies  |z United States  |v Biography.  |2 sears 
650 7 |a Spies  |z United States  |v Biography.  |2 sears 
650 7 |a Women  |v Biography.  |2 sears 
700 1 |a Hendrix, John,  |d 1976- 
938 |a Ingram  |b INGR  |n 9780810997356 
938 |a YBP Library Services  |b YANK  |n 6919040 
938 |a Brodart  |b BROD  |n 12373516  |c $18.95 
947 |a A14835904870 
945 |a PromptCat  |b 916771 
946 |a curr 
994 |a 92  |b TXA 
948 |a Cataloged  |b h  |c 2012/6/14  |d c  |e fambrosini 
999 |a MARS 
999 f f |s d39f1040-1c93-352b-93e3-acbb5bdd7d24  |i 3b709735-59a0-3d2d-9061-d9b5f05278ce  |t 0 
952 f f |p normal  |a Texas A&M University  |b College Station  |c Sterling C. Evans Library  |d Evans: Curriculum Collection (4th floor)  |t 0  |e E608.E235 M67 2011  |h Library of Congress classification  |i unmediated -- volume  |m A14835904870 
998 f f |a E608.E235 M67 2011  |t 0  |l Evans: Curriculum Collection (4th floor)